| 000 | 00591nam a2200181Ia 4500 | ||
|---|---|---|---|
| 008 | 100921s9999 xx 000 0 und d | ||
| 082 |
_b42997 _a891.463 न 07 |
||
| 100 | _aधर्मापुरीकर मधुकर. | ||
| 245 | _aैअप्रूप. | ||
| 260 |
_bमौज प्रकाशन,मुंबई. _c2007 |
||
| 300 |
_a123 _bजयेश एजन्सी,पुणे. |
||
| 365 | _b100 | ||
| 520 | _aललित-कथा. | ||
| 630 | _aैअप्रूप. | ||
| 650 | _aललित-कथा. | ||
| 730 | _aैअप्रूप. | ||
| 942 | _cBOOK | ||
| 999 |
_c792110 _d792107 |
||